Otorrinolaringología y Broncoesofagología / (Record no. 83493)
[ view plain ]
| 000 -LEADER | |
|---|---|
| campo de control de longitud fija | 00760nam a2200181 i 4500 |
| 001 - NÚMERO DE CONTROL | |
| campo de control | 83493 |
| 003 - IDENTIFICADOR DE NÚMERO DE CONTROL | |
| campo de control | ES-MaACL |
| 005 - FECHA Y HORA DE LA ÚLTIMA TRANSACCIÓN | |
| campo de control | 20230906174834.0 |
| 007 - CAMPO FIJO DE DESCRIPCIÓN FÍSICA--INFORMACIÓN GENERAL | |
| campo de control de longitud fija | t| |
| 008 - DATOS DE LONGITUD FIJA--INFORMACIÓN GENERAL | |
| campo de control de longitud fija | 041117s1949 mx ||||1| spa d |
| 100 1# - ENTRADA PRINCIPAL--NOMBRE DE PERSONA | |
| Nombre de persona | Jackson, Chevalier. |
| 9 (RLIN) | 65805 |
| 245 10 - MENCIÓN DEL TÍTULO | |
| Título | Otorrinolaringología y Broncoesofagología / |
| Mención de responsabilidad, etc. | dirección de Chevalier Jackson y Chevalier L. Jackson ; con la colaboración de sesenta y cuatro especialistas ; traducción castellana por Oscar G. Carrera. |
| 260 ## - PUBLICACIÓN, DISTRIBUCIÓN, ETC. | |
| Lugar de publicación, distribución, etc. | México : |
| Nombre del editor, distribuidor, etc. | Unión Tipográfica Editorial Hispano-Americana, |
| Fecha de publicación, distribución, etc. | [1949] ( |
| Fabricante | Tall. Gráf. de la Nación) |
| 300 ## - DESCRIPCIÓN FÍSICA | |
| Extensión | XX, 1162 p., 12 lám. : |
| Otras características físicas | il. ; |
| Dimensiones | 25 cm. |
| 700 1# - ENTRADA AGREGADA--NOMBRE PERSONAL | |
| Nombre de persona | Jackson, Chevalier L. |
| 9 (RLIN) | 65806 |
| 700 1# - ENTRADA AGREGADA--NOMBRE PERSONAL | |
| Nombre de persona | Carrera, Oscar G. |
| 9 (RLIN) | 35633 |
| 852 ## - LOCALIZACIÓN | |
| Ubicación | ES-MaACL |
| Número de control de estantería | E-1603 |
| Sublocalización o colección | R.28567 |
| Estatus retirado | Estado de pérdida | Estado de daño | No para préstamo | Biblioteca de origen | Biblioteca actual | Ubicación en estantería | Fecha de adquisición | Fuente de adquisición | Total de préstamos | Signatura topográfica completa | Código de barras | Visto por última vez | Precio de reemplazo | Tipo de ítem Koha |
|---|---|---|---|---|---|---|---|---|---|---|---|---|---|---|
| Biblioteca del Ateneo de Madrid | Biblioteca del Ateneo de Madrid | Depósito 2 | 17/01/2008 | E-1603 | 1087265 | 23/02/2023 | 23/02/2023 | Libro impreso |
